| 000 | 00488nam a22001337a 4500 | ||
|---|---|---|---|
| 082 |
_a923.15491 _bRIA |
||
| 100 |
_aRiaz Ahmad _946185 |
||
| 245 |
_aQuaid-I-Azam Mohammad Ali Jinnah: _cRiaz Ahmad _bSecond phase of his freedom struggle 1928-1934 |
||
| 260 |
_aIslamabad, _bChair on Quaid-i-Azam and freedom Movement naitonal institute of Pakistan studies, _c1994. |
||
| 300 |
_a253p.: _bill,; _c15 cm. |
||
| 526 |
_a0 _b0 _c0 _d923_154910000000000_RIA |
||
| 650 |
_aMCE _9379 |
||
| 942 |
_2ddc _cBK |
||
| 999 |
_c549529 _d549529 |
||